Sefer Ḥashav Sofer / (Record no. 33376)
[ view plain ]
| 000 -LEADER | |
|---|---|
| fixed length control field | 00741cam a22002411 4500 |
| 001 - CONTROL NUMBER | |
| control field | he 68001699 |
| 003 - CONTROL NUMBER IDENTIFIER | |
| control field | DLC |
| 005 - DATE AND TIME OF LATEST TRANSACTION | |
| control field | 20260227111459.0 |
| 008 - FIXED-LENGTH DATA ELEMENTS--GENERAL INFORMATION | |
| fixed length control field | 840424s1967 is 000 0 heb |
| 010 ## - LIBRARY OF CONGRESS CONTROL NUMBER | |
| LC control number | he 68001699 |
| 035 ## - SYSTEM CONTROL NUMBER | |
| System control number | (OCoLC)19148031 |
| 040 ## - CATALOGING SOURCE | |
| Original cataloging agency | DLC |
| Transcribing agency | MH |
| Modifying agency | CU |
| -- | WU |
| -- | DLC |
| 042 ## - AUTHENTICATION CODE | |
| Authentication code | premarc |
| 050 00 - LIBRARY OF CONGRESS CALL NUMBER | |
| Classification number | BM504.2 |
| Item number | .S347 |
| 100 1# - MAIN ENTRY--PERSONAL NAME | |
| Personal name | Sofer, Avraham Shemuʼel Binyamin, |
| Dates associated with a name | 1901-1961 |
| 245 10 - TITLE STATEMENT | |
| Title | Sefer Ḥashav Sofer / |
| Statement of responsibility, etc. | me-et Avraham Shemuʼel Binyamin Sofer. |
| 260 ## - PUBLICATION, DISTRIBUTION, ETC. | |
| Place of publication, distribution, etc. | Jerusalem : |
| Name of publisher, distributor, etc. | Mekhon Daʻat Sofer, |
| Date of publication, distribution, etc. | 727 [1967] |
| 300 ## - PHYSICAL DESCRIPTION | |
| Extent | 2 v. in 1 (6, 148 p.) ; |
| Dimensions | 34 cm. |
| 500 ## - GENERAL NOTE | |
| General note | Each volume has special t.p. only. |
| 630 00 - SUBJECT ADDED ENTRY--UNIFORM TITLE | |
| Uniform title | Talmud |
| Form subdivision | Commentaries. |
| 650 #0 - SUBJECT ADDED ENTRY--TOPICAL TERM | |
| Topical term or geographic name entry element | Responsa |
| Chronological subdivision | 1800-1948. |
| 740 0# - ADDED ENTRY--UNCONTROLLED RELATED/ANALYTICAL TITLE | |
| Uncontrolled related/analytical title | Ḥashav Sofer. |
No items available.